LDR 01303naa#a2200253#i#450# 001 RU\\bibl\125405 005 20260630033758.2 011 ## _a2077-7566 100 ## _a20260629b2026####ek#y0rusy0150####ca 101 0# _aRUS 102 ## _aRU 200 1# _aРОЛЬ ТОЛЩИНЫ ОСТАВШЕГОСЯ ДЕНТИНА ПРИ ПРЕПАРИРОВАНИИ ВИТАЛЬНЫХ ЗУБОВ ПОД ИСКУССТВЕННУЮ КОРОНКУ И МЕТОДЫ ЕЕ ОЦЕНКИ (ОБЗОР ЛИТЕРАТУРЫ) _eЖурнальная статья 210 1# _aЕкатеринбург _cИздательский Дом «ТИРАЖ» _d2026 215 ## _a6 с. 608 ## _aЖурнальная статья _2local 675 ## _aСтоматология. Заболевания ротовой полости и зубов. 616.31 _zRUS 700 #1 _aКошелев _gКонстантин Александрович 700 #1 _aГерасимов _gАртем Михайлович 700 #1 _aОрлова _gКсения Андреевна 700 #1 _aИванова _gСветлана Борисовна 700 #1 _aКостин _gИгорь Олегович 700 #1 _aСоколова _gИрина Викторовна 700 #1 _aТрапезников _gДмитрий Валерьевич 856 4# _adental-press.ru _u